Podnikateľský plán ako podklad pre získanie finančných zdrojov podniku bakalárska práca

Na minha lista:
Detalhes bibliográficos
Autor principal: Sternmüllerová, Karin
Formato: Livro
Idioma:eslovaco
Publicado em: Bratislava FCHPT STU 2013
Acesso em linha:View in OPAC
Tags: Adicionar Tag
Sem tags, seja o primeiro a adicionar uma tag!

MARC

LEADER 00000nam a2200000 a 4500
005 20260127134349.0
008 131128 2013 000 0 slo d
035 |a vtls010561273 
039 9 |y 201311281347  |z mschk03 
040 |a STUSCHK1  |b slo  |c STUSCHK1  |e AACR2 
100 1 |a Sternmüllerová, Karin 
245 1 |a Podnikateľský plán ako podklad pre získanie finančných zdrojov podniku  |b bakalárska práca  |c Karin Sternmüllerová 
260 |a Bratislava  |b FCHPT STU  |c 2013 
300 |a 44 s.  |b il.  |c 30 cm 
500 |a Obhájené: júl 2013 
500 |a Štud. program: Automatizácia, informatizácia a manažment v chémii a potravinárstve 
500 |a Štud. odbor: Automatizácia, priemyselné inžinierstvo 
500 |a Škol. pracovisko: Odd. manažmentu chemických a potravinárskych technológií 
500 |a Evid. číslo: FCHPT-5415-44266 
910 |a SCHK95 
999 |c 10899  |d 10899